Datum a čas kvízu

41 Celkem bodů Celkový počet nahraných bodů na tomto kvízu bez doplňovacích otázek.
5. Pořadí na kvízu Konečné umístění týmu na tomto kvízu.

Zaznamenané odpovědi

# Otázka Odpověď Body Výsledky
1. Na oficiální návštěvu České re... Finsko 1
2. Americký deník The New York Ti... C 1
3. V pátek oslavil významný brits... (sir) David Attenborough; 100 let 1
4. V Praze se minulý víkend uskut... psů 1
5. Po ukončení letošního ročníku... Dominik Frodl 0
6. Téma začneme jednou z nejoblíb... Matěj Kotrba 1
7. V roce 2023 jsme mohli v kinec... Oppenheimer 1
8. Která herečka si zahrála krásn... Diane Kruger 0
9. Půl bodu obdržíte za název fil... Statečné srdce (Braveheart); Mel Gibson 1
10. Který režisér je podepsán pod... C 1